|
|
|
|
| LEADER |
00000naa2a2200000 4500 |
| 001 |
631846 |
| 005 |
20231101133701.0 |
| 035 |
|
|
|a (RuTPU)RU\TPU\conf\33547
|
| 035 |
|
|
|a RU\TPU\conf\33546
|
| 090 |
|
|
|a 631846
|
| 100 |
|
|
|a 20200922d2020 k y0rusy50 ca
|
| 101 |
0 |
|
|a rus
|
| 102 |
|
|
|a RU
|
| 105 |
|
|
|a y z 101zy
|
| 135 |
|
|
|a drcn ---uucaa
|
| 181 |
|
0 |
|a i
|
| 182 |
|
0 |
|a b
|
| 200 |
1 |
|
|a Твердофазно-спектрофотометрическое определение тетрациклина
|f Дуонг Сан Ван
|g науч. рук. М. А. Гавриленко
|
| 203 |
|
|
|a Текст
|c электронный
|
| 225 |
1 |
|
|a Теоретические и прикладные аспекты физической и аналитической химии
|
| 230 |
|
|
|a 1 компьютерный файл (pdf; 938 Kb)
|
| 300 |
|
|
|a Заглавие с экрана
|
| 320 |
|
|
|a [Библиогр.: с. 256 (4 назв.)]
|
| 463 |
|
0 |
|0 (RuTPU)RU\TPU\conf\32967
|t Химия и химическая технология в XXI веке
|o материалы XXI Международной научно-практической конференции студентов и молодых ученых имени выдающихся химиков Л. П. Кулёва и Н. М. Кижнера, посвященной 110-летию со дня рождения профессора А. Г. Стромберга, 21–24 сентября 2020 г., г. Томск
|f Национальный исследовательский Томский политехнический университет
|v [С. 255-256]
|d 2020
|
| 610 |
1 |
|
|a электронный ресурс
|
| 610 |
1 |
|
|a труды учёных ТПУ
|
| 610 |
1 |
|
|a спектрофотометрическое определение
|
| 610 |
1 |
|
|a тетрациклины
|
| 610 |
1 |
|
|a антибиотики
|
| 610 |
1 |
|
|a метрологические характеристики
|
| 610 |
1 |
|
|a визуальное определение
|
| 610 |
1 |
|
|a твердофазная спектрофотометрия
|
| 610 |
1 |
|
|a полимерные матрицы
|
| 700 |
|
0 |
|a Дуонг Сан Ван
|
| 702 |
|
1 |
|a Гавриленко
|b М. А.
|c химик
|c доцент Томского политехнического университета, кандидат химических наук
|f 1971-
|g Михаил Алексеевич
|2 stltpush
|4 727
|
| 712 |
0 |
2 |
|a Национальный исследовательский Томский политехнический университет
|b Инженерная школа природных ресурсов
|b Отделение химической инженерии
|h 8085
|2 stltpush
|3 (RuTPU)RU\TPU\col\23513
|
| 801 |
|
2 |
|a RU
|b 63413507
|c 20201125
|g RCR
|
| 856 |
4 |
|
|u http://earchive.tpu.ru/handle/11683/63644
|
| 942 |
|
|
|c BK
|